=LDR 00000nam 2200000 4500 =001 INLIS000000000046703 =005 20150424154357.0 =006 =007 =008 =020 ##$$a 978-979-1304-25-2 =035 ##$$0010-041500000000185 =040 ##$$a Ind =082 ##$$a 530.7 =090 ##$$a 530.7$b Tin f =100 ##$$a Tina Irawati =245 ##$$a Fisika Sekolah menengah atas dan madrasah aliyah =250 ##$$a cet.I =260 ##$$a Bandung$b Angkasa $c 2007 =300 ##$$a vi,214 hlm$c 25cm =850 ##$$a NBPDMAT =990 ##$$a 0001/BPAP-NTB/20142015